000 01071nam a2200325 a 4500
001 vtls000052571
003 NLI
005 20210601190614.0
008 101125s1990 miu 001 0 eng
020 _cUSD 61.52
039 9 _y201011250512
_zVLOAD
040 _aNLI
_beng
_cVTLS
_eAACR2
041 0 _aeng
044 _amiu
082 0 4 _a491.4958
100 1 _aAcharya, Jayaraj
_9135467
245 1 2 _aA descriptive grammar of Nepal and an analyzed corpuz /
_cJayaraj Acharya
260 _aAnn Arbor :
_bU. M. I.,
_c1990
300 _axiii, 378 p. ;
_c21 cm.
500 _aThis is a dissertation paper submitted to the Linguistics Department of George Twon University in 1990
500 _aIncludes index
650 0 _aNepali language
_xGrammar
_9135468
887 _a
901 _a516563
_b08.02.1992
902 _aE491.4958 Ac44
906 _a0004863
949 _AVIRTUAITEM
_D10000
_X100
_6PUR000516563ENG
942 _2ddc
_cBKS
999 _aVIRTUA00
_c56808
_d56808
999 _aVTLSSORT0080*0200*0400*0410*0440*0820*1000*2450*2600*3000*5000*5001*6500*9010*9020*9060*9490*9991